NIEMOŻLIWY TEST - Statystyki

Ogólne statystyki
  • Ten quiz został rozwiązany 92 razy
  • Średni wynik to 3 z 5
Statystyki odpowiedzi
przepisuj tu % Poprawnych
szczęście moda lato zabawa kolejka stare naleśniki goryl motyl hipopotan szczęście moda lato zabawa kolejka stare naleśniki goryl motyl hipopotan
89%
wąż samolot ufo lew stół sześć kwadrat Kanada jaszczur kogut wąż samolot ufo lew stół sześć kwadrat Kanada jaszczur kogut
61%
szkoła ławka Paragwaj sześcian Kraków lody kura jaszczurka Bhutan loteria szkoła ławka Paragwaj sześcian Kraków lody kura jaszczurka Bhutan loteria
48%
karton konik słoń kotek Grzegorz Sudan Azja pająk dżungla kijanka karton konik słoń kotek Grzegorz Sudan Azja pająk dżungla kijanka
36%
tajemnica rosół kotlet klawiatura klakson Filip chłopak garnitur mnoga dycha tajemnica rosół kotlet klawiatura klakson Filip chłopak garnitur mnoga dycha
34%
Nie znaleziono quizów pasujących do podanych kryteriów
Rozkład punktacji
Procent ludzi z każdym wynikiem
Percentyl według liczby udzielonych odpowiedzi
Twoja historia wyników
Nie rozwiązałeś tego quizu